000 00908nam a2200241 a 4500
001 83608
003 BD-RjUL
005 20240429102804.0
008 240429s2004 |||a|||| m||| 00| 0 eng d
035 _a(BD-RjUL)83608
040 _aBD-RjUL
_beng
_cBD-RjUL
_dBD-RjUL
041 _aeng
082 _223
_a577.8
_bHOS 2004
100 _aHossain, Md. Mosharraf
_98069
245 1 0 _aSyecological Studies on the Underguowth Flora in Some Socially Afforested Areas /
_cBy Md. Mosharraf Hossain ;
_6Supervisor : M. Shamsur Rhaman
260 _aRajshahi :
_bDepartment of Botany, University of Rajshahi,
_c2004
300 _axiii, 291 Leaves :
_bill, ;
_c29 cm.
502 _aThesis (Ph. D.) -- Department of Botany, University of Rajshahi, 2004
504 _aReferences : Leaves [274]-291
650 _aSynecological
_vSynecological
_912766
700 _aRhaman, M. Shamsur, Supervisor
_912763
942 _2ddc
_cTHE
999 _c83608
_d83608